000
00324nam a22001457a 4500
008
230512b ||||| |||| 00| 0 eng d
020
_a
039392713
041
_a
eng
080
_2
EIGHTH EDITION
_a
82
082
_a
82GRE
100
_a
44
101
_a
ANTR
245
_a
ENGLISH LITERATURE
_c
GREENBLATT.S
942
_2
udc
_c
BK
999
_c
59684
_d
59684